Làng Phú Lộc xưa và nay : Biên khảo
Sách giới thiệu khái quát chung về làng Phú Lộc, di tích lịch sử - văn hóa và lễ hội cổ truyền, những làng nghề truyền thống, kho tàng văn nghệ dân gian và ẩm thực địa phương.
Wedi'i Gadw mewn:
| Prif Awdur: | |
|---|---|
| Fformat: | Llyfr |
| Iaith: | Undetermined |
| Cyhoeddwyd: |
Hà Nội
Thời đại
2011
|
| Pynciau: | |
| Tagiau: |
Ychwanegu Tag
Dim Tagiau, Byddwch y cyntaf i dagio'r cofnod hwn!
|
| Thư viện lưu trữ: | Trung tâm Học liệu Trường Đại học Cần Thơ |
|---|
| LEADER | 01026nam a2200229Ia 4500 | ||
|---|---|---|---|
| 001 | CTU_170589 | ||
| 008 | 210402s9999 xx 000 0 und d | ||
| 082 | |a 915.9756 | ||
| 082 | |b Tr513 | ||
| 100 | |a Nguyễn, Viết Trung | ||
| 245 | 0 | |a Làng Phú Lộc xưa và nay : | |
| 245 | 0 | |b Biên khảo | |
| 245 | 0 | |c Nguyễn Viết Trung; Nguyễn Văn Thích (Cộng tác) | |
| 260 | |a Hà Nội | ||
| 260 | |b Thời đại | ||
| 260 | |c 2011 | ||
| 520 | |a Sách giới thiệu khái quát chung về làng Phú Lộc, di tích lịch sử - văn hóa và lễ hội cổ truyền, những làng nghề truyền thống, kho tàng văn nghệ dân gian và ẩm thực địa phương. | ||
| 650 | |a Names, Geographical,Tên, địa lý,Vietnam,Việt Nam | ||
| 650 | |x Description and travel,Mô tả và du hành | ||
| 650 | |z Vietnam,Việt Nam | ||
| 904 | |i Trọng Hải | ||
| 980 | |a Trung tâm Học liệu Trường Đại học Cần Thơ | ||